Kľúčové znalosti o dodávateľoch v marketingu nákupu

Ktoré znalosti možno označiť za kľúčové. Stratégia rozvoja dodávateľa a jeho smerovanie. Unikátnosť technológií. Kolaboratívny vývoj produktu. Kustomizácia existujúcich produktov. Znalosti z používaných informačných systémov.

Uložené v:
Podrobná bibliografia
Hlavný autor: Miklošík, Andrej
Médium: Kapitola
Jazyk:Slovak
Predmet:
Tagy: Pridať tag
Žiadne tagy, Buďte prvý, kto otaguje tento záznam!

MARC

LEADER 00000nla$a2200000$$$4500
001 0129177
005 20240502072501.2
041 0 |a slo 
044 |a SK 
245 1 0 |a Kľúčové znalosti o dodávateľoch v marketingu nákupu  |c Andrej Miklošík 
520 |a Ktoré znalosti možno označiť za kľúčové. Stratégia rozvoja dodávateľa a jeho smerovanie. Unikátnosť technológií. Kolaboratívny vývoj produktu. Kustomizácia existujúcich produktov. Znalosti z používaných informačných systémov. 
610 2 0 |a marketing 
610 2 0 |a nákup 
610 2 0 |a dodávatelia 
610 2 0 |a odberatelia 
610 2 0 |a vzťahy dodávateľsko-odberateľské 
610 2 0 |a produkty 
610 2 0 |a vývoj 
610 2 0 |a systémy informačné 
610 2 0 |a vedomosti 
100 1 |a Miklošík, Andrej